| 000 | 01147cam a22003614a 4500 | ||
|---|---|---|---|
| 999 |
_c21387 _d21387 |
||
| 001 | 16007568 | ||
| 003 | OSt | ||
| 005 | 20200612101901.0 | ||
| 008 | 091022s2010 ii ab b 000 0 eng d | ||
| 010 | _a 2009305484 | ||
| 020 | _a9788183873031 | ||
| 020 | _a8183873030 | ||
| 025 | _aI-E-2009-305484; 58-08 | ||
| 035 | _a(OCoLC)ocn460868274 | ||
| 035 | _a(OCoLC)460868274 | ||
| 037 |
_aLibrary of Congress -- New Delhi Overseas Office _cRs1000.00 |
||
| 040 |
_aDKAGE _beng _coclc _dDLC |
||
| 042 |
_alccopycat _alcode |
||
| 050 | 0 | 0 |
_aGN799.P4 _bR6534 2010 |
| 082 | 0 | 4 |
_a759.0113 _222 _bSEG/R |
| 100 |
_92813 _aSeglie, Dario |
||
| 245 | 0 | 0 |
_aRock art in the world / _c Dario Seglie. |
| 260 |
_aNew Delhi : _bSerials Publications, _c2010. |
||
| 300 | _a245 p. : | ||
| 504 | _aIncludes bibliographical references. | ||
| 520 | _aContributed articles. | ||
| 650 | 0 | _aPetroglyphs. | |
| 650 | 0 | _aArt, Prehistoric. | |
| 700 | 1 | _aSeglie, Dario. | |
| 906 |
_a7 _bcbc _ccopycat _d3 _encip _f20 _gy-gencatlg |
||
| 942 |
_2ddc _cBK _h759.0113 _iSEG/R _k759.0113 _mSEG/R |
||